Threatened status of marine mammals along the coastal areas in sihanouk ville and kampot province, ការគំរាមគំហែងទៅលើថនិកសត្វសមុទ្រនៅតាមឆ្នេរនៃក្រុងព្រះសីហនុ និង ខេត្តកំពត (Record no. 3848)
[ view plain ]
| 000 -LEADER | |
|---|---|
| fixed length control field | 00666nam a22001577a 4500 |
| 003 - CONTROL NUMBER IDENTIFIER | |
| control field | OSt |
| 005 - DATE AND TIME OF LATEST TRANSACTION | |
| control field | 20151202140410.0 |
| 008 - FIXED-LENGTH DATA ELEMENTS--GENERAL INFORMATION | |
| fixed length control field | 151202b xxu||||| |||| 00| 0 eng d |
| 040 ## - CATALOGING SOURCE | |
| Transcribing agency | RUA |
| 082 ## - DEWEY DECIMAL CLASSIFICATION NUMBER | |
| Classification number | FIS CHE 2001 B173 Or.1 |
| 100 ## - MAIN ENTRY--PERSONAL NAME | |
| 9 (RLIN) | 4135 |
| Personal name | CHEA, MONG. |
| 245 ## - TITLE STATEMENT | |
| Title | Threatened status of marine mammals along the coastal areas in sihanouk ville and kampot province, ការគំរាមគំហែងទៅលើថនិកសត្វសមុទ្រនៅតាមឆ្នេរនៃក្រុងព្រះសីហនុ និង ខេត្តកំពត |
| 260 ## - PUBLICATION, DISTRIBUTION, ETC. (IMPRINT) | |
| Place of publication, distribution, etc. | Phnom Penh |
| Name of publisher, distributor, etc. | RUA |
| Date of publication, distribution, etc. | 2001 |
| 300 ## - PHYSICAL DESCRIPTION | |
| Extent | 43p. |
| Other physical details | ill. |
| Dimensions | 29cm. |
| 942 ## - ADDED ENTRY ELEMENTS (KOHA) | |
| Source of classification or shelving scheme | |
| Koha item type | FIS |
| Price effective from | Date last seen | Permanent Location | Not for loan | Date acquired | Source of classification or shelving scheme | Koha item type | Lost status | Withdrawn status | Date last checked out | Total Checkouts | Shelving location | Damaged status | Barcode | Current Location | Full call number |
|---|---|---|---|---|---|---|---|---|---|---|---|---|---|---|---|
| 2015-12-02 | 2025-11-17 | Library Block B | 2015-12-02 | FIS | 2025-10-22 | 2 | B173 | RUA027650 | Library Block B | FIS CHE 2001 B173 Or.1 | |||||
| 2015-12-02 | 2015-12-02 | Library Block B | 2015-12-02 | FIS | B173 | RUA010021 | Library Block B | FIS CHE 2001 B173 Or.2 | |||||||
| 2015-12-02 | 2015-12-02 | Library Block B | 2015-12-02 | FIS | B173 | RUA027833 | Library Block B | FIS CHE 2001 B173 Or.3 | |||||||
| 2015-12-02 | 2015-12-02 | Library Block B | 2015-12-02 | FIS | B173 | RUA027905 | Library Block B | FIS CHE 2001 B173 Or.4 | |||||||
| 2017-12-15 | 2017-12-15 | Library Block B | 2017-12-15 | FIS | B173 | A29372 | Library Block B | FIS CHE 2001 B173 Or.5 |